• 首页
  • 本馆介绍
  • 公告通知
  • 最新文献
  • 馆藏检索
  • 电子资源
  • 读者导购
  • 参考咨询
  • 我的图书馆
  • 登录
  • 详细信息显示
  • 放入我的书架
  • 预约/预借图书
  • 作者相关作品
  • 分类相关作品
  • 丛书相关作品
  • 出版社相关作品

书目信息

  • 表格格式
  • 工作单格式
  • 卡片格式
书名: an introduction to physical sicence
作者: James T.Shipman.
分册号:
分册名:
出版地: Boston :
 
出版社: Houghton Mifflin Company
出版时间: 2000.
页数: 654 p. ;
开本: 28cm.
丛书名:
中图分类号:
科图分类号:
其他分类号: G32
主题词:
电子资源:
000 00458nam 2200169 a 4500
001 E0731860939
005 20070315090156.43
008 070315s2000 00010 eng
020    @a0-395-95570-X.
040    @aPFT@beng
090    @aG32
099    @dG32@ex10=9
245 1  @aan introduction to physical sicence / @cJames T.Shipman.
250    @a9th ed.
260    @aBoston :@bHoughton Mifflin Company,@c2000.
300    @a654 p. ;@c28cm.
700    @aShipman,James T.
    
    an introduction to physical sicence / / James T.Shipman.-9th ed.-Boston : : Houghton Mifflin Company, , 2000.
    654 p. ; ; 28cm.
    
    
    ISBN 0-395-95570-X.
    
●
相关链接 在E读中查询图书 在五车中查询图书 在当当中查询图书 在豆瓣中查询图书


正题名:an introduction to physical sicence     索取号:G32/x10=9         预约/预借

序号 登录号 条形码 馆藏地/架位号 状态 备注
1 0001781   300017817   第二样本阅览室/ [索取号:G32/x10=9] 在馆    
2 0001782   300017826   第四借阅区/ [索取号:G32/x10=9] 在馆    
唐山师范学院图书馆 欢迎您!
大连网信软件有限公司© 版权所有